Κατάλογος Βιβλιοθηκών Mediterranean College

Ο Ρόλος των Ευρωπαϊκών Κοινοτήτων στις Διαπραγματεύσεις του Γύρου Ουρουγουάης και η Ελλάδα (Record no. 4074)

MARC details
000 -LEADER
fixed length control field 01708cam a22001934a 4500
005 - ΗΜΕΡΟΜΗΝΙΑ ΚΑΙ ΩΡΑ ΤΕΛΕΥΤΑΙΑΣ ΕΝΗΜΕΡΩΣΗΣ
Πεδίο ελέγχου 20250605164135.0
008 - FIXED-LENGTH DATA ELEMENTS--GENERAL INFORMATION
Πεδίο ελέγχου σταθερού μήκους 250528s ||||||||||||||||||||||||d
035 ## - SYSTEM CONTROL NUMBER
System control number 18758
020 ## - ISBN
ISBN 9600800413
040 ## - ΠΗΓΗ ΚΑΤΑΛΟΓΟΓΡΑΦΗΣΗΣ
Φορέας πρωτότυπης καταλογογράφησης MC Athens Campus Library
Γλώσσα καταλογογράφησης Ελληνικά, Μοντέρνα (1453-)
Modifying agency MC Athens Campus Library
Κανόνες περιγραφικής καταλογογράφησης AACR2
245 1# - ΤΙΤΛΟΣ ΚΑΙ ΔΗΛΩΣΗ ΥΠΕΥΘΥΝΟΤΗΤΑΣ
Τίτλος Ο Ρόλος των Ευρωπαϊκών Κοινοτήτων στις Διαπραγματεύσεις του Γύρου Ουρουγουάης και η Ελλάδα
260 ## - PUBLICATION, DISTRIBUTION, ETC.
Name of publisher, distributor, etc. Ι. Σιδέρης,
Date of publication, distribution, etc. 1994
300 ## - PHYSICAL DESCRIPTION
Extent 304
520 ## - SUMMARY, ETC.
Summary, etc. Η Έρευνα αυτή αποτελεί νιά πολιτική προσέγγιση στη σύγχρονη εξέλιξη των θεσμών του διεθνούς εμπορίου, με κύριο άξονα τις διαπραγματεύσεις του Γύρου Ουρουγουάης στα πλαίσια της G.A.T.T. (Γενική Συμφωνία Δασμών και Εμποριού). Πρόλογος, Σκοπός και Στόχοι της Έρευνας, Δομή της Μελέτης, Το Σκηνικό, Η Gatt, Η Ευρωπαϊκή Κοινότητα, Η Διαπραγμάτευση, Οι Διαπραγματεύσεις του Γύρου Ουρουγουάης, Η Εξέλιξη και ο Γύρος Ουρουάγης, Η Εξέλιξη των Διαπραγματεύσεων, Οι Διαπραγματεύσεις και η Κοινότητα, Ανακεφαλαίωση - Συμπεράσματα - Προοπτικές, Επίμετρον: Η Περίπτωση της Ελλάδος, Βιλιογραφία, Παράρτημα: Πίνακες.
700 1# - ΠΡΟΣΘΕΤΗ ΑΝΑΓΡΑΦΗ--ΦΥΣΙΚΟ ΠΡΟΣΩΠΟ
Personal name Μυρογιαννης Γεωργιος
9 (RLIN) 5007
942 ## - ADDED ENTRY ELEMENTS (KOHA)
Koha item type Books
Holdings
Τύπος τεκμηρίου Βιβλιοθήκη Τρέχουσα τοποθεσία Barcode Αριθμός εισαγωγής Ημερομηνία απόκτησης Ταξιθετικό σύμβολο Αριθμός αντιτύπου Κατάσταση απόσυρσης Κατάσταση χαμένου Κατάσταση κατεστραμμένου Μη δανεισμός Σύνολο δανεισμών Ημερομηνία τελευταίας εμφάνισης Η τιμή ισχύει από
Books MC Athens Campus Library MC Athens Campus Library 9780000040732 3667 05/06/2025 382.92 MIR 1           05/06/2025 05/06/2025

MC Athens Campus Library
Πατησίων 94 & Κοδριγκτώνος 13, 104 34
Πελλήνης 8 & Πατησίων 107, 112 51
Τ: +30 210 8899600

MC Thessaloniki Campus Library
Ίωνος Δραγούμη 21, 54625 | Ίωνος Δραγούμη 15, 54625
Τ: +30 2310 287779 – Τ: +30 2314 440300